La légion étrangère en Espagne (Record no. 27155)
[ view plain ]
| 000 -LEADER | |
|---|---|
| campo de control de longitud fija | 00464nam a2200157 i 4500 |
| 001 - NÚMERO DE CONTROL | |
| campo de control | 27155 |
| 003 - IDENTIFICADOR DE NÚMERO DE CONTROL | |
| campo de control | ES-MaACL |
| 005 - FECHA Y HORA DE LA ÚLTIMA TRANSACCIÓN | |
| campo de control | 20230906153553.0 |
| 007 - CAMPO FIJO DE DESCRIPCIÓN FÍSICA--INFORMACIÓN GENERAL | |
| campo de control de longitud fija | t| |
| 008 - DATOS DE LONGITUD FIJA--INFORMACIÓN GENERAL | |
| campo de control de longitud fija | 030113s1909 fr ||||1| fre d |
| 100 1# - ENTRADA PRINCIPAL--NOMBRE DE PERSONA | |
| Nombre de persona | Azan, Paul. |
| 9 (RLIN) | 24219 |
| 245 13 - MENCIÓN DEL TÍTULO | |
| Título | La légion étrangère en Espagne |
| Resto del título | : 1835-1839 / |
| Mención de responsabilidad, etc. | par Paul Azan. |
| 260 ## - PUBLICACIÓN, DISTRIBUCIÓN, ETC. | |
| Lugar de publicación, distribución, etc. | [S.l. : |
| Nombre del editor, distribuidor, etc. | s.n., |
| Fecha de publicación, distribución, etc. | 1909] ( |
| Lugar de fabricación/manufactura | París : |
| Fabricante | Henri Charles-Lavourelle) |
| 300 ## - DESCRIPCIÓN FÍSICA | |
| Extensión | 756 p., 2 lám ; |
| Dimensiones | 24 cm. |
| 852 ## - LOCALIZACIÓN | |
| Ubicación | ES-MaACL |
| Número de control de estantería | F-6733 |
| Estatus retirado | Estado de pérdida | Estado de daño | No para préstamo | Biblioteca de origen | Biblioteca actual | Ubicación en estantería | Fecha de adquisición | Fuente de adquisición | Total de préstamos | Signatura topográfica completa | Código de barras | Visto por última vez | Precio de reemplazo | Tipo de ítem Koha |
|---|---|---|---|---|---|---|---|---|---|---|---|---|---|---|
| Biblioteca del Ateneo de Madrid | Biblioteca del Ateneo de Madrid | Depósito 2 | 17/01/2008 | F-6733 | 1028027 | 23/02/2023 | 23/02/2023 | Libro impreso |
